| 000 | 03707cam a22005414a 4500 | ||
|---|---|---|---|
| 001 | muse58014 | ||
| 003 | MdBmJHUP | ||
| 005 | 20210127151137.0 | ||
| 006 | m o d | ||
| 007 | cr||||||||nn|n | ||
| 008 | 170811s2017 sa o 00 0 eng d | ||
| 020 | _a9781776140312 | ||
| 020 | _z9781776140305 | ||
| 035 | _a(OCoLC)986539762 | ||
| 040 |
_aMdBmJHUP _cMdBmJHUP |
||
| 043 | _af-sa--- | ||
| 050 | 4 |
_aDT1971 _b.R467 2017 |
|
| 245 | 0 | 0 |
_aRemains of the Social _bDesiring the post-apartheid / _cedited by Maurits van Bever Donker, Ross Truscott, Gary Minkley & Premesh Lalu. |
| 264 | 1 | _bProject Muse, | |
| 264 | 3 | _bProject MUSE, | |
| 300 |
_a1 online resource (x, 301 pages) : _billustrations |
||
| 500 | _aIssued as part of book collections on Project MUSE. | ||
| 504 | _aIncludes bibliographical references and index. | ||
| 505 | 0 | _aTraversing the social / Maurits van Bever Donker [and three others] -- The Mandela imaginary : reflections on post-reconciliation libidinal economy / Derek Hook -- The return of empathy : postapartheid fellow feeling / Ross Truscott -- The ethics of precarity : Judith Butler's reluctant universalism / Mari Ruti -- Hannah Arendt's work of mourning : the politics of loss, 'the rise of the social' and the ends of apartheid / Jaco Barnard-Naud{acute}e -- Souvenir / Annemarie Lawless -- Re-cover : Afrikaans rock, apartheid's children and the work of the cover / Aiden Erasmus -- The graves of Dimbaza : temporal remains / Gary Minkley and Helena Pohlandt-McCormick -- The principle of insufficiency : ethics and community at the edge of the social / Maurits van Bever Donker -- The Trojan Horse and the 'becoming technical of the human' / Premesh Lalu. | |
| 506 | 0 |
_aOpen Access _fUnrestricted online access _2star |
|
| 520 | _aRemains of the Social is an interdisciplinary volume of essays that engages with what 'the social' might mean after apartheid, a condition referred to as 'the postapartheid social'. The volume grapples with apartheid as a global phenomenon that extends beyond the borders of South Africa between 1948 and 1994 and foregrounds the tension between the weight of lived experience that was and is apartheid, the structures that condition that experience, and a desire for a 'post-apartheid social'. Collectively, the contributors argue for a recognition of 'the post-apartheid' as a condition that names the labour of coming to terms with the ordering principles that apartheid both set in place and foreclosed. The volume seeks to provide a sense of the terrain on which 'the post-apartheid' - as a desire for a difference that is not apartheid's difference - unfolds, falters and is worked through. | ||
| 588 | _aDescription based on print version record. | ||
| 650 | 0 |
_aPost-apartheid era _zSouth Africa. |
|
| 651 | 0 |
_aSouth Africa _xSocial conditions _y1994- |
|
| 655 | 0 | _aElectronic books. | |
| 655 | 7 |
_aElectronic books. _2local |
|
| 700 | 1 |
_aLalu, Premesh, _eeditor. |
|
| 700 | 1 |
_aMinkley, Gary, _eeditor. |
|
| 700 | 1 |
_aTruscott, Ross, _eeditor. |
|
| 700 | 1 |
_aVan Bever Donker, Maurits M., _eeditor. |
|
| 710 | 2 |
_aProject Muse, _edistributor. |
|
| 776 | 1 | 8 |
_iPrint version: _z9781776140305 |
| 710 | 2 |
_aProject Muse. _edistributor |
|
| 830 | 0 | _aBook collections on Project MUSE. | |
| 856 | 4 | 0 |
_zFull text available: _uhttps://muse.jhu.edu/book/52742/ |
| 945 | _aProject MUSE - 2017 Global Cultural Studies | ||
| 945 | _aProject MUSE - 2017 African Studies | ||
| 945 | _aProject MUSE - 2017 Complete | ||
| 999 |
_c24779 _d24779 |
||